Estudios socioeconómicos del sur argentino (Record no. 21227)

MARC details
000 -LEADER
campo de control de longitud fija 01738nmc a2200433 a 4500
003 - IDENTIFICADOR DE NÚMERO DE CONTROL
campo de control AR-BaBNM
005 - FECHA Y HORA DE LA ÚLTIMA TRANSACCIÓN
campo de control 20251128211818.0
008 - DATOS DE LONGITUD FIJA--INFORMACIÓN GENERAL
campo de control de longitud fija 286020s1995 ||||||||||||||000 | spa||
040 ## - FUENTE DE CATALOGACIÓN
Centro/agencia transcriptor AR-BaBNM
245 10 - MENCIÓN DEL TÍTULO
Título Estudios socioeconómicos del sur argentino
260 ## - PUBLICACIÓN, DISTRIBUCIÓN, ETC.
Lugar de publicación, distribución, etc. Bahía Blanca
Nombre del editor, distribuidor, etc. Universidad Nacional del Sur, Gabinete de Investigación de Historia Americana y Argentina
Fecha de publicación, distribución, etc. 1995
300 0# - DESCRIPCIÓN FÍSICA
Extensión v.
490 #0 - MENCIÓN DE SERIE
Mención de serie Serie Monografías
504 ## - NOTA DE BIBLIOGRAFÍA, ETC.
Nota de bibliografía, etc. Nota Contiene referencias bibliográficas
505 ## - NOTA DE CONTENIDO CON FORMATO
Título Consideraciones generales acerca de los indios y negros en el Fuerte del Cármen
Mención de responsabilidad Claudia Irribarren
505 ## - NOTA DE CONTENIDO CON FORMATO
Título Frontera terrestre y espacio marítimo: dos posiciones encontradas en torno a la ocupación surbonaerense [1823-1824]
Mención de responsabilidad Adriana Claudia Rodríguez
505 ## - NOTA DE CONTENIDO CON FORMATO
Título La educación asistemática en la frontera sudoeste bonaerense [1833-1855]
Mención de responsabilidad Marta Susana Ramírez
505 ## - NOTA DE CONTENIDO CON FORMATO
Título El poblamiento del territorio nacional del Chubut hasta 1920
Mención de responsabilidad Ana María Cignetti
505 ## - NOTA DE CONTENIDO CON FORMATO
Título El sector trabajador santacruceño entre fines del siglo XIX y principios del XX
Mención de responsabilidad Rosario Güenaga
650 #4 - PUNTO DE ACCESO ADICIONAL DE MATERIA--TÉRMINO DE MATERIA
Término de materia o nombre geográfico como elemento de entrada ECONOMIA NACIONAL
650 #4 - PUNTO DE ACCESO ADICIONAL DE MATERIA--TÉRMINO DE MATERIA
Término de materia o nombre geográfico como elemento de entrada ECONOMIA REGIONAL
650 #4 - PUNTO DE ACCESO ADICIONAL DE MATERIA--TÉRMINO DE MATERIA
Término de materia o nombre geográfico como elemento de entrada HISTORIA DE BUENOS AIRES
650 #4 - PUNTO DE ACCESO ADICIONAL DE MATERIA--TÉRMINO DE MATERIA
Término de materia o nombre geográfico como elemento de entrada POBLACIONES ABORIGENES
650 #4 - PUNTO DE ACCESO ADICIONAL DE MATERIA--TÉRMINO DE MATERIA
Término de materia o nombre geográfico como elemento de entrada ESTADISTICA
650 #4 - PUNTO DE ACCESO ADICIONAL DE MATERIA--TÉRMINO DE MATERIA
Término de materia o nombre geográfico como elemento de entrada DEMOGRAFIA HISTORICA
650 #4 - PUNTO DE ACCESO ADICIONAL DE MATERIA--TÉRMINO DE MATERIA
Término de materia o nombre geográfico como elemento de entrada POLITICA SOCIAL
650 #4 - PUNTO DE ACCESO ADICIONAL DE MATERIA--TÉRMINO DE MATERIA
Término de materia o nombre geográfico como elemento de entrada POLITICA TERRITORIAL
650 #4 - PUNTO DE ACCESO ADICIONAL DE MATERIA--TÉRMINO DE MATERIA
Término de materia o nombre geográfico como elemento de entrada POLITICA ECONOMICA
651 #4 - PUNTO DE ACCESO ADICIONAL DE MATERIA--NOMBRE GEOGRÁFICO
Nombre geográfico Argentina
651 #4 - PUNTO DE ACCESO ADICIONAL DE MATERIA--NOMBRE GEOGRÁFICO
Nombre geográfico Patagonia
651 #4 - PUNTO DE ACCESO ADICIONAL DE MATERIA--NOMBRE GEOGRÁFICO
Nombre geográfico Buenos Aires [Capital Federal]
700 1# - ENTRADA AGREGADA--NOMBRE PERSONAL
Nombre de persona Güenaga, Rosario
700 1# - ENTRADA AGREGADA--NOMBRE PERSONAL
Nombre de persona Cignetti, Ana María
700 1# - ENTRADA AGREGADA--NOMBRE PERSONAL
Nombre de persona Rodríguez, Adriana Claudia
700 1# - ENTRADA AGREGADA--NOMBRE PERSONAL
Nombre de persona Irribarren, Claudia María
700 1# - ENTRADA AGREGADA--NOMBRE PERSONAL
Nombre de persona Ramírez, Marta Susana
942 ## - ELEMENTOS DE ENTRADA SECUNDARIOS (KOHA)
Tipo de ítem Koha Libros
998 ## - INFORMACIÓN DE CONTROL LOCAL (RLIN)
Iniciales del catalogador, CIN (RLIN) Nancy
Holdings
Estatus retirado Estado de pérdida Fuente de la clasificación o esquema de estantería Estado de daño Restricciones de uso No para préstamo Biblioteca de origen Biblioteca actual Fecha de adquisición Total de préstamos Signatura topográfica completa Código de barras Visto por última vez Precio de reemplazo Tipo de ítem Koha
    Clasificación Decimal Dewey   Acceso restringido No para préstamo Liberty Liberty 28/11/2025   982 GUE 114551 28/11/2025 28/11/2025 Libros